Guess The Lyrics - 80's - Statistics

General Stats
  • This quiz has been taken 272 times
  • The average score is 111 of 256
Answer Stats
Answer % Correct
I
98%
you
91%
love
86%
to
79%
and
75%
(and
75%
me
74%
Your
70%
your
70%
hear
68%
it
68%
no
68%
My
67%
my
67%
so
67%
on
66%
in)
64%
want
64%
(don't
63%
don't
63%
Don't
63%
are
56%
like
52%
too
50%
(too
50%
not
48%
could
47%
(could
47%
You're
47%
you're
47%
it's
45%
I'm
44%
but
43%
just
43%
One
39%
(one
39%
wanna
37%
kiss
32%
much
30%
much)
30%
look
29%
look)
29%
name
29%
hold
28%
tell
28%
touch
28%
touch)
28%
lips
27%
under
25%
stop
24%
Yeah
24%
calling
23%
kill
23%
kill)
23%
these
20%
Poison
19%
poison
19%
(poison)
19%
break
18%
Well
17%
better
16%
skin
16%
Alice Cooper
15%
hurt
15%
running
15%
Running
15%
through
15%
inside
14%
hot
13%
senses
13%
veins
13%
blood
12%
pain
12%
taste
12%
chains
11%
ice
11%
mouth
11%
screaming
11%
thrill
11%
brain
10%
venomous
10%
(deep
9%
deep
9%
cruel
8%
device
8%
needles
7%
pins
7%
pins)
7%
wet
7%
Black
6%
caught
6%
sweat
5%
lace
4%
web
4%
Burning
3%
No matching quizzes found
Score Distribution
Percent of People with Each Score
Percentile by Number Answered
Your Score History
You have not taken this quiz